000 00581nam a2200241Ia 4500
003 OSt
005 20220924142620.0
006 a|||||r|||| 00| 0
007 ta
008 ASM
020 _c15
024 _a302663
037 _cTextual
040 _aARTS
_cARTS
_bASM
041 _2ASM
_aASM
082 _aO158,3NCH1,2, M7
100 _aChowdhury Birajananda
_9213747
245 0 _aAjanteer moh
260 _c1987
650 _aASSAMESE LITERATURE
_911738
942 _hO158,3NCH1,2, M7
_cTEXL
_2CC
999 _c451350
_d451350